[Event "Civil Service Ch 19th"]
[Site "Leeds"]
[Date "2009.07.15"]
[Round "1.1"]
[White "Cannon, Richard James"]
[Black "Nisbet, Alex Ian"]
[Result "1-0"]
[WhiteElo "2130"]
[BlackElo "1986"]
[PlyCount "89"]
[EventDate "2009.07.15"]
[EventType "swiss"]
[EventRounds "5"]
[EventCountry "ENG"]
[SourceTitle "BritBase"]
[Source "John Saunders"]
[SourceDate "2024.12.03"]
[SourceVersion "1"]
[SourceVersionDate "2024.12.03"]
[SourceQuality "1"]

1. e4 d5 2. Nc3 d4 3. Nce2 e5 4. Ng3 Be6 5. d3 Nc6 6. a3 Qd7 7. f4 f6 8. Nf3 Bd6 9. fxe5 fxe5 10. Be2 h6 11. Nh4 Nge7 12. Bh5+ Kd8 13. O-O g5 14. Nhf5 Nxf5 15. exf5 Bd5 16. Ne4 Rf8 17. Rf2 b6 18. h4 Qg7 19. hxg5 hxg5 20. Bxg5+ Kc8 21. Qd2 Bxe4 22. Bh6 Qf6 23. dxe4 Rg8 24. g4 Kb7 25. Rg2 Qh4 26. Qf2 Qe7 27. g5 d3 28. f6 Qd7 29. Bg4 Qf7 30. Qh4 Bc5+ 31. Kh1 Rad8 32. cxd3 Rxd3 33. Bf5 Rgd8 34. g6 Rd1+ 35. Rxd1 Rxd1+ 36. Kh2 Qc4 37. Bg4 Rb1 38. Be2 Bg1+ 39. Kh3 Qb3+ 40. Qg3 Qe6+ 41. Bg4 Qc4 42. Rxg1 Rxb2 43. Bc1 Qxe4 44. Bf3 Qf5+ 45. Qg4 1-0

[Event "Civil Service Ch 19th"]
[Site "Leeds"]
[Date "2009.07.15"]
[Round "1.2"]
[White "Bowers, Francis J"]
[Black "Wager, John D"]
[Result "0-1"]
[WhiteElo "1930"]
[BlackElo "2154"]
[PlyCount "114"]
[EventDate "2009.07.15"]
[EventType "swiss"]
[EventRounds "5"]
[EventCountry "ENG"]
[SourceTitle "BritBase"]
[Source "John Saunders"]
[SourceDate "2024.12.03"]
[SourceVersion "1"]
[SourceVersionDate "2024.12.03"]
[SourceQuality "1"]

1. e4 c5 2. Nf3 Nc6 3. d4 cxd4 4. Nxd4 Nf6 5. Nc3 d6 6. f3 e6 7. Be3 Be7 8. Qd2 O-O 9. O-O-O a6 10. g4 Nxd4 11. Bxd4 Qa5 12. Kb1 Kh8 13. h4 b5 14. h5 e5 15. Be3 Be6 16. g5 Ne8 17. g6 Rc8 18. h6 fxg6 19. hxg7+ Nxg7 20. Bh6 Rxc3 21. Qxc3 Bxa2+ 22. Kc1 Qxc3 23. bxc3 Rxf3 24. Kb2 Be6 25. Ra1 Bc8 26. Bxb5 axb5 27. Ra7 Bf8 28. Rc7 Be6 29. Ra1 Ne8 30. Bxf8 Rxf8 31. Re7 Bf7 32. Rf1 Kg7 33. Rb7 Nf6 34. Re1 g5 35. Rxb5 h5 36. Rb7 Kg6 37. Rc7 h4 38. c4 h3 39. c5 dxc5 40. Rxc5 Re8 41. Kc3 g4 42. Kd2 g3 43. Rc3 Nh5 44. Rg1 Be6 45. Rcxg3+ Nxg3 46. Rxg3+ Kh5 47. Rg1 Kh4 48. Ke3 h2 49. Rg7 Bg4 50. Rh7+ Bh5 51. c4 h1=Q 52. c5 Rd8 53. Rxh5+ Kxh5 54. c6 Qe1+ 55. Kf3 Rd3+ 56. Kg2 Qe2+ 57. Kg1 Rd1# 0-1

[Event "Civil Service Ch 19th"]
[Site "Leeds"]
[Date "2009.07.15"]
[Round "1.3"]
[White "Brocklehurst, Andrew"]
[Black "Thurlow, Kevin J"]
[Result "0-1"]
[WhiteElo "2138"]
[BlackElo "2034"]
[PlyCount "136"]
[EventDate "2009.07.15"]
[EventType "swiss"]
[EventRounds "5"]
[EventCountry "ENG"]
[SourceTitle "BritBase"]
[Source "John Saunders"]
[SourceDate "2024.12.03"]
[SourceVersion "1"]
[SourceVersionDate "2024.12.03"]
[SourceQuality "1"]

1. e4 c5 2. Nf3 e6 3. d4 cxd4 4. Nxd4 Nc6 5. Nxc6 bxc6 6. Bd3 Nf6 7. O-O e5 8. Bg5 Be7 9. c4 Qb6 10. Qe2 Rb8 11. b3 h6 12. Be3 Bc5 13. Re1 d6 14. Nc3 Bxe3 15. Qxe3 Nd7 16. Qg3 g5 17. Rad1 Nc5 18. Be2 Qc7 19. Bg4 Be6 20. Bxe6 Nxe6 21. Qf3 Qe7 22. Ne2 c5 23. Rd2 Rb6 24. Nc3 Nd4 25. Qd3 Rb7 26. Nd5 Qd8 27. Ne3 h5 28. Nf5 Qf6 29. Nxd4 cxd4 30. Rc1 Qe7 31. Rdc2 Rh6 32. c5 dxc5 33. Rxc5 Kf8 34. Qg3 f6 35. Qf3 Rd7 36. Qd3 Kg7 37. Qb5 Rh8 38. a4 Rhd8 39. Qd3 Rb8 40. h3 Qf7 41. R1c4 Qf8 42. Rc6 Rb6 43. Rxb6 axb6 44. b4 Qd6 45. b5 Rc7 46. Rxc7+ Qxc7 47. Kf1 $11 Qc1+ 48. Ke2 Qb2+ 49. Kf3 Qa2 50. a5 Qxa5 51. Qc4 {3 Minutes left} Qa3+ {4 minutes left} 52. Ke2 Qb2+ 53. Kd1 Qxf2 54. Qc7+ Kg6 55. Qd8 Qf1+ 56. Kd2 Qxg2+ 57. Kd3 Qf1+ 58. Kd2 Qf4+ 59. Kd3 Qf3+ 60. Kc4 Qxe4 61. Qg8+ Kf5 62. Qh7+ Kf4 63. Qxh5 d3+ 64. Kc3 Qe1+ 65. Kc4 Qe4+ 66. Kc3 Qf3 67. Qh7 Kg3 68. Qb7 Qxb7 0-1

[Event "Civil Service Ch 19th"]
[Site "Leeds"]
[Date "2009.07.15"]
[Round "1.4"]
[White "Wedlock, Stephen L"]
[Black "Lewyk, Ihor"]
[Result "1/2-1/2"]
[WhiteElo "1946"]
[BlackElo "2130"]
[PlyCount "120"]
[EventDate "2009.07.15"]
[EventType "swiss"]
[EventRounds "5"]
[EventCountry "ENG"]
[SourceTitle "BritBase"]
[Source "John Saunders"]
[SourceDate "2024.12.03"]
[SourceVersion "1"]
[SourceVersionDate "2024.12.03"]
[SourceQuality "1"]

1. e4 d5 2. exd5 Nf6 3. d4 Bg4 4. Be2 Bxe2 5. Nxe2 Qxd5 6. O-O e6 7. Nbc3 Qd7 8. Bg5 Be7 9. Qd2 O-O 10. h3 c6 11. Rad1 Na6 12. Rfe1 Nc7 13. Nc1 Ncd5 14. Nxd5 cxd5 15. Bxf6 Bxf6 16. c3 Qa4 17. a3 Rac8 18. Nd3 b6 19. Ne5 Bxe5 20. Rxe5 a5 21. Rh5 f5 22. Re1 Rf6 23. Qe2 b5 24. Rg5 Qc4 25. Qe5 Kf7 26. Qd6 Qc7 27. Qxc7+ Rxc7 28. f4 $11 h6 29. Rg3 Rc8 30. Kf2 Rg8 31. Rge3 g5 32. fxg5 hxg5 33. a4 Rb8 34. axb5 Rxb5 35. R3e2 Rh6 36. Kg3 Rb3 37. Ra1 Rh4 38. Kh2 Re4 39. Rf2 Rb5 40. Kg1 Kf6 41. g3 Kg6 42. Raf1 Re3 43. Kg2 f4 44. gxf4 gxf4 45. Kh2 Rb7 46. Rg1+ Kf5 47. Rg4 Re4 48. Rfg2 Rh7 49. Rg5+ Kf6 50. Rg8 Re3 51. Rf8+ Ke7 52. Rxf4 Rhxh3+ 53. Kg1 Re1+ 54. Rf1 Rh1+ 55. Kxh1 Rxf1+ 56. Kh2 Kd6 57. Kg3 Rf7 58. Re2 Ra7 59. Kg4 a4 60. Re1 Rb7 1/2-1/2

[Event "Civil Service Ch 19th"]
[Site "Leeds"]
[Date "2009.07.15"]
[Round "1.5"]
[White "Ashby, Anthony C"]
[Black "Simpson, Ian"]
[Result "1-0"]
[WhiteElo "2114"]
[BlackElo "1914"]
[PlyCount "71"]
[EventDate "2009.07.15"]
[EventType "swiss"]
[EventRounds "5"]
[EventCountry "ENG"]
[SourceTitle "BritBase"]
[Source "John Saunders"]
[SourceDate "2024.12.03"]
[SourceVersion "1"]
[SourceVersionDate "2024.12.03"]
[SourceQuality "1"]

1. e4 d5 2. exd5 Nf6 3. d4 Bg4 4. Be2 Bxe2 5. Nxe2 Qxd5 6. O-O Nc6 7. Nbc3 Qf5 8. Ng3 Qg6 9. Be3 O-O-O 10. Qe2 e6 11. Rfd1 Bd6 12. Nf1 h5 13. Nb5 Nd5 14. c4 Nxe3 15. fxe3 Be7 16. a3 h4 17. b4 h3 18. g3 Bf6 19. Rac1 Kb8 20. Nc3 e5 21. d5 Ne7 22. c5 Nc8 23. b5 Be7 24. Na2 f5 25. Nb4 f4 26. d6 cxd6 27. c6 Rdf8 28. cxb7 Kxb7 29. Qc4 d5 30. Qxd5+ Kb8 31. Na6+ Qxa6 32. bxa6 Nd6 33. Rb1+ Kc7 34. Rb7+ Kc8 35. Qc6+ Kd8 36. Qd7# 1-0

[Event "Civil Service Ch 19th"]
[Site "Leeds"]
[Date "2009.07.15"]
[Round "1.6"]
[White "Mills, David G"]
[Black "Brusey, Alan W"]
[Result "0-1"]
[WhiteElo "1866"]
[BlackElo "2050"]
[PlyCount "92"]
[EventDate "2009.07.15"]
[EventType "swiss"]
[EventRounds "5"]
[EventCountry "ENG"]
[SourceTitle "BritBase"]
[Source "John Saunders"]
[SourceDate "2024.12.03"]
[SourceVersion "1"]
[SourceVersionDate "2024.12.03"]
[SourceQuality "1"]

1. e4 e6 2. d4 d5 3. Be3 dxe4 4. Nd2 Nf6 5. f3 Nd5 6. Qe2 Nxe3 7. Qxe3 exf3 8. Ngxf3 Nd7 9. Bd3 Be7 10. O-O O-O 11. Rae1 Nf6 12. Ne5 Nd5 13. Qh3 f5 14. c3 Bg5 15. Nb3 Nf4 16. Qf3 Nxd3 17. Nxd3 Qd5 18. Qe2 b6 19. Nf4 Bxf4 20. Rxf4 a5 21. Rh4 a4 22. Nc1 Bd7 23. Qh5 h6 24. Qg6 Rf6 25. Qg3 Qd6 26. Qe5 Bc6 27. Nd3 Qd5 28. Qxd5 Bxd5 29. Nb4 Be4 30. Rh3 Rd8 31. Nd3 c5 32. Nf2 cxd4 33. Nxe4 fxe4 34. cxd4 Rxd4 35. Rhe3 Rb4 36. R1e2 Rc4 37. Rxe4 Rc1+ 38. Re1 Rxe1+ 39. Rxe1 Kf7 40. Re5 Rf5 41. Re4 b5 42. Rd4 Ke7 43. g4 Rd5 44. Rb4 Kd6 45. Kf2 Kc5 46. a3 Rd4 0-1

[Event "Civil Service Ch 19th"]
[Site "Leeds"]
[Date "2009.07.15"]
[Round "2.1"]
[White "Thurlow, Kevin J"]
[Black "Cannon, Richard James"]
[Result "1-0"]
[WhiteElo "2034"]
[BlackElo "2130"]
[PlyCount "51"]
[EventDate "2009.07.15"]
[EventType "swiss"]
[EventRounds "5"]
[EventCountry "ENG"]
[SourceTitle "BritBase"]
[Source "John Saunders"]
[SourceDate "2024.12.03"]
[SourceVersion "1"]
[SourceVersionDate "2024.12.03"]
[SourceQuality "1"]

1. c4 e5 2. Nc3 Nc6 3. e3 g6 4. g3 Bg7 5. Bg2 Nge7 6. Nge2 d6 7. O-O Be6 8. b3 d5 9. cxd5 Nxd5 10. Bb2 Ndb4 11. f4 Nd3 12. Ba3 Qd7 13. fxe5 Bxe5 14. Nf4 Bg4 15. Qc2 Bxf4 16. gxf4 Be6 17. Ne4 Qd8 18. Qc3 f6 19. Nxf6+ Kf7 20. Ne4 h6 21. Ng3 Qd7 22. Be4 Rad8 23. f5 gxf5 24. Bxf5 Kg8 25. Nh5 Nd4 26. Bxd3 1-0

[Event "Civil Service Ch 19th"]
[Site "Leeds"]
[Date "2009.07.15"]
[Round "2.2"]
[White "Wager, John D"]
[Black "Ashby, Anthony C"]
[Result "1/2-1/2"]
[WhiteElo "2154"]
[BlackElo "2114"]
[PlyCount "103"]
[EventDate "2009.07.15"]
[EventType "swiss"]
[EventRounds "5"]
[EventCountry "ENG"]
[SourceTitle "BritBase"]
[Source "John Saunders"]
[SourceDate "2024.12.03"]
[SourceVersion "1"]
[SourceVersionDate "2024.12.03"]
[SourceQuality "1"]

1. Nf3 f5 2. d4 Nf6 3. c4 g6 4. Nc3 Bg7 5. g3 O-O 6. Bg2 d6 7. O-O c6 8. a4 Qc7 9. b3 e5 10. e3 Na6 11. Ba3 e4 12. Nd2 Rd8 13. b4 Qf7 14. Qe2 Nc7 15. b5 d5 16. c5 g5 17. f4 Qg6 18. Nb3 Ne6 19. Na5 Qe8 20. Rab1 Ng4 21. Rfd1 Bf6 22. h3 Nh6 23. Na2 cxb5 24. axb5 b6 25. Nc6 Rd7 26. Nab4 gxf4 27. gxf4 bxc5 28. dxc5 d4 29. Qc4 Qf7 30. Nd5 Bg7 31. Ne5 Bxe5 32. fxe5 Rxd5 33. Qxd5 Nc7 34. Qd8+ Kg7 35. Rxd4 Ne6 36. Qd5 Nxd4 37. Qxf7+ Nxf7 38. exd4 Be6 39. c6 Kh6 40. Bc5 Bc4 41. c7 Ng5 42. Bxa7 Bd5 43. b6 Bb7 44. d5 Rg8 45. Kf2 f4 46. Rc1 e3+ 47. Ke1 f3 48. Bxf3 Nxf3+ 49. Ke2 Nxe5 50. Kxe3 Nd7 51. Rc6+ Bxc6 52. dxc6 1/2-1/2

[Event "Civil Service Ch 19th"]
[Site "Leeds"]
[Date "2009.07.15"]
[Round "2.3"]
[White "Brusey, Alan W"]
[Black "Wedlock, Stephen L"]
[Result "1-0"]
[WhiteElo "2050"]
[BlackElo "1946"]
[PlyCount "105"]
[EventDate "2009.07.15"]
[EventType "swiss"]
[EventRounds "5"]
[EventCountry "ENG"]
[SourceTitle "BritBase"]
[Source "John Saunders"]
[SourceDate "2024.12.03"]
[SourceVersion "1"]
[SourceVersionDate "2024.12.03"]
[SourceQuality "1"]

1. e4 d5 2. exd5 Nf6 3. d4 Nxd5 4. c4 Nf6 5. Nf3 e6 6. Nc3 Be7 7. Bd3 O-O 8. O-O b6 9. Qe2 Bb7 10. Rd1 Nbd7 11. Bf4 a6 12. Rac1 Re8 13. Ne5 h6 14. Ne4 Nf8 15. Qe3 Nxe4 16. Bxe4 Bxe4 17. Qxe4 Bg5 18. Nc6 Qf6 19. Be5 Qg6 20. Qxg6 Nxg6 21. Rc3 Bf4 22. Bxf4 Nxf4 23. Kf1 Ng6 24. d5 exd5 25. cxd5 Ne7 26. g3 Nxc6 27. Rxc6 Rac8 28. d6 cxd6 29. Rdxd6 Rxc6 30. Rxc6 Re6 $11 31. Rxe6 fxe6 32. Ke2 Kf7 33. Ke3 Kf6 34. Ke4 Ke7 35. Ke5 Kd7 36. h4 Ke7 37. h5 Kd7 38. f4 Ke7 39. g4 Kf7 40. Kd6 Kf6 41. b4 a5 42. b5 Kf7 43. g5 e5 44. Kxe5 Ke7 45. Kd5 Kd7 46. g6 a4 47. a3 Ke7 48. Kc6 Kf6 49. Kxb6 Kf5 50. Kc6 Kxf4 51. Kd6 Kg5 52. Ke6 Kxh5 53. Kf7 1-0

[Event "Civil Service Ch 19th"]
[Site "Leeds"]
[Date "2009.07.15"]
[Round "2.4"]
[White "Lewyk, Ihor"]
[Black "Bowers, Francis J"]
[Result "1-0"]
[WhiteElo "2130"]
[BlackElo "1930"]
[PlyCount "93"]
[EventDate "2009.07.15"]
[EventType "swiss"]
[EventRounds "5"]
[EventCountry "ENG"]
[SourceTitle "BritBase"]
[Source "John Saunders"]
[SourceDate "2024.12.03"]
[SourceVersion "1"]
[SourceVersionDate "2024.12.03"]
[SourceQuality "1"]

1. Nf3 Nf6 2. d4 c5 3. e3 d5 4. c3 c4 5. Ne5 e6 6. Nd2 Bd6 7. f4 O-O 8. Be2 Nc6 9. O-O Bd7 10. e4 b5 11. Nxc6 Bxc6 12. e5 Ne8 13. exd6 Nxd6 14. Qe1 a5 15. Rf3 b4 16. Rh3 Qf6 17. Nf3 Rfb8 18. Ne5 Be8 19. g4 Qe7 20. g5 Nf5 21. Bg4 f6 22. Bxf5 exf5 23. gxf6 Qxf6 24. Bd2 b3 25. a3 a4 26. Qe2 Rd8 27. Qg2 Rac8 28. Be1 Rd6 29. Bh4 Qf8 30. Bg5 h5 31. Re1 Rc7 32. Rhe3 Bb5 33. Qh3 g6 34. Qg2 Qg7 35. Nf3 Bc6 36. Re7 Rxe7 37. Rxe7 Qf8 38. Qe2 Bd7 39. Qe5 Re6 40. Rxe6 Bxe6 41. Qxe6+ Kg7 42. Ne5 h4 43. Qxg6+ Kh8 44. Bf6+ Qxf6 45. Qxf6+ Kg8 46. Qf7+ Kh8 47. Ng6# 1-0

[Event "Civil Service Ch 19th"]
[Site "Leeds"]
[Date "2009.07.15"]
[Round "2.5"]
[White "Simpson, Ian"]
[Black "Brocklehurst, Andrew"]
[Result "0-1"]
[WhiteElo "1914"]
[BlackElo "2138"]
[PlyCount "84"]
[EventDate "2009.07.15"]
[EventType "swiss"]
[EventRounds "5"]
[EventCountry "ENG"]
[SourceTitle "BritBase"]
[Source "John Saunders"]
[SourceDate "2024.12.03"]
[SourceVersion "1"]
[SourceVersionDate "2024.12.03"]
[SourceQuality "1"]

1. e4 c5 2. d4 cxd4 3. Nf3 d6 4. Nxd4 e5 5. Nb5 a6 6. N5a3 Nf6 7. Nc3 Be7 8. Be3 O-O 9. Qf3 Nc6 10. O-O-O Bg4 11. Qg3 Bxd1 12. Kxd1 d5 13. exd5 Nxd5 14. Bd2 Nxc3+ 15. Qxc3 Bb4 16. Qe3 Qxd2+ 17. Qxd2 Bxd2 18. Kxd2 Rfd8+ 19. Kc1 Nb4 20. Bc4 b5 21. Bb3 Rac8 22. Re1 Nd3+ 23. Kd2 Nxe1+ 24. Kxe1 Rd4 25. c3 Re4+ 26. Kf1 Rd8 27. Nb1 g6 28. Bc2 Rc4 29. Bb3 Rc7 30. Ke2 Kg7 31. Nd2 f5 32. Bc2 b4 33. c4 Rxd2+ 34. Kxd2 Rxc4 35. h3 Kf6 36. f3 g5 37. Kd1 h5 38. Kd2 a5 39. Kd1 e4 40. Kd2 Ke5 41. b3 Rc3 42. Kd1 f4 0-1

[Event "Civil Service Ch 19th"]
[Site "Leeds"]
[Date "2009.07.15"]
[Round "2.6"]
[White "Nisbet, Alex Ian"]
[Black "Mills, David G"]
[Result "1-0"]
[WhiteElo "1986"]
[BlackElo "1866"]
[PlyCount "53"]
[EventDate "2009.07.15"]
[EventType "swiss"]
[EventRounds "5"]
[EventCountry "ENG"]
[SourceTitle "BritBase"]
[Source "John Saunders"]
[SourceDate "2024.12.03"]
[SourceVersion "1"]
[SourceVersionDate "2024.12.03"]
[SourceQuality "1"]

1. d4 e6 2. e4 d5 3. Nd2 f5 4. exf5 exf5 5. Ngf3 Nf6 6. Bd3 Bd6 7. O-O O-O 8. Ne5 Be6 9. Ndf3 c6 10. Bf4 Ne4 11. Qc1 Qc7 12. c4 dxc4 13. Bxc4 Qe7 14. Re1 Nd7 15. Ng5 Bd5 16. Nxe4 fxe4 17. Rxe4 Nb6 18. Bxd5+ cxd5 19. Re1 Qf6 20. Bg3 h5 21. Nf3 Bb4 22. Re2 Rac8 23. Qd1 g5 24. Re5 g4 25. Rg5+ Kf7 26. Ne5+ Ke8 27. Rxh5 1-0

[Event "Civil Service Ch 19th"]
[Site "Leeds"]
[Date "2009.07.16"]
[Round "3.1"]
[White "Thurlow, Kevin J"]
[Black "Brusey, Alan W"]
[Result "1/2-1/2"]
[WhiteElo "2034"]
[BlackElo "2050"]
[PlyCount "130"]
[EventDate "2009.07.15"]
[EventType "swiss"]
[EventRounds "5"]
[EventCountry "ENG"]
[SourceTitle "BritBase"]
[Source "John Saunders"]
[SourceDate "2024.12.03"]
[SourceVersion "1"]
[SourceVersionDate "2024.12.03"]
[SourceQuality "1"]

1. e4 e6 2. d4 d5 3. Nd2 c5 4. Ngf3 cxd4 5. Nxd4 Nf6 6. exd5 exd5 7. Bd3 Nc6 8. N2f3 Bc5 9. c3 O-O 10. O-O Bg4 11. h3 Bh5 12. Be2 Nxd4 13. cxd4 Bb6 14. Bf4 Rc8 15. Be5 Ne4 16. g4 Bg6 17. Rc1 Rxc1 18. Qxc1 f6 19. Bf4 Qd7 20. Qd1 Rc8 21. Qb3 Bf7 22. Bb5 Qd8 23. Rd1 g5 24. Bh2 h5 25. Ne1 hxg4 26. hxg4 Bc7 27. Qh3 Bxh2+ 28. Qxh2 Qc7 29. Qxc7 Rxc7 30. f3 Nd6 31. Bd3 Kg7 32. Kf2 Bg6 33. Rd2 f5 34. gxf5 Bxf5 35. Bxf5 Nxf5 36. Nc2 Kf6 37. Nb4 Rd7 38. a3 a5 39. Na2 Rh7 40. Kg1 Rh4 41. Nc3 Nxd4 42. Kg2 Rh2+ 43. Kxh2 Nxf3+ 44. Kg3 Nxd2 45. Nxd5+ Ke5 46. Nc7 $2 Nc4 47. Nb5 Nxb2 48. Kg4 Kd5 49. Kxg5 Kc5 50. Nc3 Kc4 51. Ne4 b5 52. Nd2+ Kc3 53. Ne4+ Kb3 54. Nd6 b4 55. axb4 axb4 56. Nb7 Kc4 57. Na5+ Kb5 58. Nb3 Nd3 59. Kf5 Kc4 60. Na5+ Kc3 61. Ke4 Nc5+ 62. Ke3 Kc2 $2 63. Nc6 b3 64. Nd4+ Kc3 $11 65. Nxb3 {White was so focused on making the drawing move he didn't notice the draw offer!} Kxb3 1/2-1/2

[Event "Civil Service Ch 19th"]
[Site "Leeds"]
[Date "2009.07.16"]
[Round "3.2"]
[White "Ashby, Anthony C"]
[Black "Lewyk, Ihor"]
[Result "1/2-1/2"]
[WhiteElo "2114"]
[BlackElo "2130"]
[PlyCount "102"]
[EventDate "2009.07.15"]
[EventType "swiss"]
[EventRounds "5"]
[EventCountry "ENG"]
[SourceTitle "BritBase"]
[Source "John Saunders"]
[SourceDate "2024.12.03"]
[SourceVersion "1"]
[SourceVersionDate "2024.12.03"]
[SourceQuality "1"]

1. d4 Nf6 2. c4 e6 3. Nf3 b6 4. g3 Ba6 5. b3 b5 6. Bg2 c6 7. Nbd2 d5 8. Qc2 bxc4 9. bxc4 Bd6 10. O-O O-O 11. e4 dxe4 12. Ng5 Be7 13. Bb2 Qa5 14. Ngxe4 Rc8 15. Rfd1 Nbd7 16. Bc3 Bb4 17. Bxb4 Qxb4 18. Rab1 Qa5 19. Nd6 Rc7 20. c5 Be2 21. Re1 Bh5 22. N2c4 Qa6 23. Rb3 Bg6 24. Qb2 Qa4 25. Rc1 Nd5 26. Bxd5 cxd5 27. Ra3 Qc6 28. Na5 Qa6 29. c6 Qb6 30. Rb3 Qxa5 31. cxd7 Rxd7 32. Nb7 Rxb7 33. Rxb7 h5 34. Rb8+ Rxb8 35. Qxb8+ Kh7 36. Qb2 Qa4 37. a3 a6 38. Qb4 Qxb4 39. axb4 Bd3 40. f4 Bc4 41. Kf2 Kg6 42. Kf3 Kf5 43. h3 g6 44. g4+ hxg4+ 45. hxg4+ Kf6 46. Rh1 Bd3 47. Rh8 Bc4 48. g5+ Ke7 49. Ra8 Bb5 50. Ra7+ Ke8 51. Rc7 Kf8 1/2-1/2

[Event "Civil Service Ch 19th"]
[Site "Leeds"]
[Date "2009.07.16"]
[Round "3.3"]
[White "Cannon, Richard James"]
[Black "Wager, John D"]
[Result "1/2-1/2"]
[WhiteElo "2130"]
[BlackElo "2154"]
[PlyCount "24"]
[EventDate "2009.07.15"]
[EventType "swiss"]
[EventRounds "5"]
[EventCountry "ENG"]
[SourceTitle "BritBase"]
[Source "John Saunders"]
[SourceDate "2024.12.03"]
[SourceVersion "1"]
[SourceVersionDate "2024.12.03"]
[SourceQuality "1"]

1. e4 c5 2. Nc3 e6 3. g3 d5 4. exd5 exd5 5. Bg2 d4 6. Qe2+ Be7 7. Nd5 Nc6 8. d3 Be6 9. Nf4 Bd7 10. Nd5 Be6 11. Nf4 Bd7 12. Nd5 Be6 1/2-1/2

[Event "Civil Service Ch 19th"]
[Site "Leeds"]
[Date "2009.07.16"]
[Round "3.4"]
[White "Brocklehurst, Andrew"]
[Black "Nisbet, Alex Ian"]
[Result "1-0"]
[WhiteElo "2138"]
[BlackElo "1986"]
[PlyCount "35"]
[EventDate "2009.07.15"]
[EventType "swiss"]
[EventRounds "5"]
[EventCountry "ENG"]
[SourceTitle "BritBase"]
[Source "John Saunders"]
[SourceDate "2024.12.03"]
[SourceVersion "1"]
[SourceVersionDate "2024.12.03"]
[SourceQuality "1"]

1. e4 d5 2. exd5 Nf6 3. Nf3 Nxd5 4. d4 g6 5. Be2 Bg7 6. O-O O-O 7. h3 Bf5 8. a3 Nd7 9. c4 N5f6 10. Nc3 c5 11. Be3 Rc8 12. Rc1 Re8 13. d5 Ne4 14. g4 Nxc3 15. bxc3 Be4 16. Nd2 f5 17. f3 Qc7 18. Kg2 1-0

[Event "Civil Service Ch 19th"]
[Site "Leeds"]
[Date "2009.07.16"]
[Round "3.5"]
[White "Wedlock, Stephen L"]
[Black "Simpson, Ian"]
[Result "1/2-1/2"]
[WhiteElo "1946"]
[BlackElo "1914"]
[PlyCount "96"]
[EventDate "2009.07.15"]
[EventType "swiss"]
[EventRounds "5"]
[EventCountry "ENG"]
[SourceTitle "BritBase"]
[Source "John Saunders"]
[SourceDate "2024.12.03"]
[SourceVersion "1"]
[SourceVersionDate "2024.12.03"]
[SourceQuality "1"]

1. e4 d5 2. exd5 Nf6 3. d4 Bg4 4. Nf3 Qxd5 5. Be2 Nc6 6. c4 Qf5 7. O-O O-O-O 8. Be3 e5 9. d5 e4 10. Nd4 Nxd4 11. Bxd4 Bxe2 12. Qxe2 Kb8 13. a3 h5 14. Nc3 Bd6 15. Bxf6 gxf6 16. Qxe4 Qg5 17. Rab1 f5 18. Qf3 h4 19. h3 Rhg8 20. Rfe1 Rg7 21. Kh1 Rdg8 22. Rg1 Qd2 23. Qxf5 Rg5 24. Qf3 Qd4 25. Ne4 Qe5 26. Nxd6 Qxd6 27. Rbe1 Qg6 28. Qe4 f5 29. Qf4 Rxg2 30. Rgf1 Qb6 31. b4 Qf6 32. Qe3 a6 33. Qe5 Qg5 34. d6 Qh5 35. dxc7+ Ka8 36. c8=Q+ Rxc8 37. Kxg2 Rg8+ 38. Kh2 Qf3 39. Qe8+ Rxe8 40. Rxe8+ Ka7 41. Re3 Qf4+ 42. Kg2 Qxc4 43. Rf3 Qe4 44. Rd1 Kb6 45. Rdd3 Kb5 46. Kf1 a5 47. bxa5 Kxa5 48. Rfe3 Qc4 1/2-1/2

[Event "Civil Service Ch 19th"]
[Site "Leeds"]
[Date "2009.07.16"]
[Round "3.6"]
[White "Bowers, Francis J"]
[Black "Mills, David G"]
[Result "1-0"]
[WhiteElo "1930"]
[BlackElo "1866"]
[PlyCount "59"]
[EventDate "2009.07.15"]
[EventType "swiss"]
[EventRounds "5"]
[EventCountry "ENG"]
[SourceTitle "BritBase"]
[Source "John Saunders"]
[SourceDate "2024.12.03"]
[SourceVersion "1"]
[SourceVersionDate "2024.12.03"]
[SourceQuality "1"]

1. e4 e6 2. d4 d5 3. Nc3 Nf6 4. Bg5 Be7 5. e5 Ne4 6. Bxe7 Qxe7 7. Nxe4 dxe4 8. c3 O-O 9. Qc2 f5 10. O-O-O c5 11. Kb1 cxd4 12. cxd4 Bd7 13. f3 Rc8 14. Qb3 Nc6 15. fxe4 fxe4 16. Qe3 Be8 17. Ne2 Rd8 18. g3 Nxe5 19. Bh3 Ng6 $11 20. Qxe4 Bd7 21. Rhe1 e5 22. Bf5 Bxf5 23. Qxf5 exd4 24. Nxd4 Qf6 25. Qe4 Qf7 26. Rf1 Qe7 27. Qf3 Rac8 28. Rde1 Qd7 29. Qb3+ Qd5 30. Re8+ 1-0

[Event "Civil Service Ch 19th"]
[Site "Leeds"]
[Date "2009.07.16"]
[Round "4.1"]
[White "Brusey, Alan W"]
[Black "Ashby, Anthony C"]
[Result "0-1"]
[WhiteElo "2050"]
[BlackElo "2114"]
[PlyCount "118"]
[EventDate "2009.07.15"]
[EventType "swiss"]
[EventRounds "5"]
[EventCountry "ENG"]
[SourceTitle "BritBase"]
[Source "John Saunders"]
[SourceDate "2024.12.03"]
[SourceVersion "1"]
[SourceVersionDate "2024.12.03"]
[SourceQuality "1"]

1. e4 e6 2. d4 d5 3. e5 c5 4. c3 Nc6 5. Nf3 Qb6 6. a3 Nh6 7. b4 cxd4 8. cxd4 Nf5 9. Be3 Be7 10. b5 Na5 11. Nbd2 Bd7 12. a4 Rc8 13. Rc1 O-O 14. Bd3 Rxc1 15. Qxc1 Rc8 16. Qb1 Nc4 17. Nxc4 dxc4 18. Bc2 a6 19. bxa6 Bb4+ 20. Ke2 bxa6 21. g4 Nxe3 22. fxe3 g6 23. Ng5 Qc6 24. Ne4 Be7 25. h4 h6 26. g5 h5 27. Rg1 Kf8 28. Nc3 Be8 29. Be4 Qc7 30. Qc2 Rb8 31. Rb1 Bb4 32. Qb2 a5 33. Bc2 Rc8 34. Rf1 Kg7 35. Ne4 c3 36. Qb3 Bc6 37. Nf6 Bb7 38. Bd3 Qc6 39. e4 Ba6 40. Qc2 Bxd3+ 41. Qxd3 c2 42. Rc1 Qxa4 43. Qa6 Qc6 44. Qxc6 Rxc6 45. Kd3 Rc3+ 46. Kd2 a4 47. Rxc2 Rh3+ 48. Kc1 Bc3 49. Re2 a3 50. Kb1 Bxd4 51. Nd7 Rxh4 52. Rc2 Rxe4 53. Rc8 Bxe5 54. Rc5 Bd4 55. Ra5 Rg4 56. Rxa3 Rxg5 57. Kc2 Rg2+ 58. Kd1 g5 59. Ra5 f5 0-1

[Event "Civil Service Ch 19th"]
[Site "Leeds"]
[Date "2009.07.16"]
[Round "4.2"]
[White "Wager, John D"]
[Black "Thurlow, Kevin J"]
[Result "0-1"]
[WhiteElo "2154"]
[BlackElo "2034"]
[PlyCount "114"]
[EventDate "2009.07.15"]
[EventType "swiss"]
[EventRounds "5"]
[EventCountry "ENG"]
[SourceTitle "BritBase"]
[Source "John Saunders"]
[SourceDate "2024.12.03"]
[SourceVersion "1"]
[SourceVersionDate "2024.12.03"]
[SourceQuality "1"]

1. Nf3 Nf6 2. b3 g6 3. Bb2 Bg7 4. c4 d6 5. d4 Nbd7 6. Nbd2 O-O 7. e4 c6 8. Bd3 Qc7 9. O-O e5 10. d5 Nc5 11. Bc2 a5 12. a3 Bd7 13. b4 axb4 14. axb4 Na6 15. dxc6 bxc6 16. c5 Nxb4 17. Nc4 Rxa1 18. Bxa1 d5 19. Bxe5 Qa7 20. Nb6 Nxc2 21. Qxc2 Nxe4 22. Bxg7 Kxg7 23. Ne5 Be8 24. f3 Ng5 25. Nc8 Qa3 26. Nd3 Bd7 27. Nd6 Rb8 28. f4 Ne4 29. Nxe4 dxe4 30. Ne5 Rb2 31. Qxe4 Qxc5+ 32. Kh1 Bf5 33. Qf3 Qc2 34. Qg3 c5 35. Nf3 Rb3 36. Qe1 Qc3 37. Qe7 Rb1 38. Rxb1 Bxb1 39. h3 Qc1+ 40. Ng1 Qxf4 41. Qxc5 h5 42. Nf3 Ba2 43. Qc3+ Qf6 44. Qd2 Be6 45. Kh2 Bf5 46. Qe3 Qd6+ 47. Kg1 Bd7 48. Ne5 Be6 49. Qc3 f6 50. Nf3 Qf4 51. Qa3 g5 52. Qe7+ Bf7 53. Qd7 g4 54. Nd4 Kg6 55. hxg4 hxg4 56. Nc6 Qe3+ 57. Kh1 Qe1+ 0-1